000 00485nam a2200193Ia 4500
003 OSt
005 20221007083306.0
006 a|||||r|||| 00| 0
007 ta
008 221006b |||||||| |||| 00| 0 eng d
024 _a23,234
037 _cTheseses
040 _aFLL
_cFLL
_beng
041 _2eng
_aeng
100 _aGupta Vijay K.
245 0 _aSupreme court of India (1973-79) an institutional study
942 _cDIS
_2CC
999 _c1169534
_d1169534